[Event "HUN-chT2 0102"]
[Site "Hungary"]
[Date "2002.04.21"]
[Round "11"]
[White "Rigan, Jozsef"]
[Black "Grunberg, Mihai Lucian"]
[Result "0-1"]
[WhiteElo "2057"]
[BlackElo "2442"]
[PlyCount "130"]
[EventDate "2001.??.??"]
[EventType "team"]
[EventRounds "11"]
[EventCountry "HUN"]
[SourceTitle "EXT 2004"]
[Source "ChessBase"]
[SourceDate "2003.11.25"]
[SourceVersion "1"]
[SourceVersionDate "2003.11.25"]
[SourceQuality "1"]

1. Nf3 f5 2. b3 d6 3. d4 Nf6 4. Bb2 g6 5. g3 Bg7 6. Bg2 0-0 7. Nbd2 c6 8. 0-0 a5 9. a4 Na6 10. Re1 Ne4 11. Nxe4 fxe4 12. Nd2 d5 13. e3 Bf5 14. c3 e5 15. f3 exf3 16. Bxf3 e4 17. Bg4 Qg5 18. Bxf5 Rxf5 19. Qe2 Raf8 20. Rf1 Bh6 21. Rae1 Nc7 22. Ba3 R8f7 23. Bd6 Ne6 24. h4 Qd8 25. Rxf5 Rxf5 26. Be5 Bg7 27. g4 Rf7 28. Bg3 Bf6 29. Qh2 c5 30. g5 Be7 31. Be5 cxd4 32. exd4 Qf8 33. Rf1 e3 34. Rxf7 Qxf7 35. Nf1 Qf5 36. Qe2 Qb1 37. Qxe3 Bf8 38. Qh3 Nd8 39. Qd7 Nf7 40. Qxd5 Qe1 41. Bf6 Qxc3 42. Qxb7 Qh3 43. Qa8 Qg4+ 44. Qg2 Qxh4 45. Qg3 Qe4 46. Qg2 Qf5 47. Qf2 Qd5 48. Qe3 h6 49. Nd2 hxg5 50. Qf3 Qf5 51. Qxf5 gxf5 52. Nc4 Bb4 53. Be5 Nxe5 54. Nxe5 Bc3 55. Nc6 Kf7 56. Kf2 Ke6 57. Ke3 g4 58. Kd3 g3 59. Ne5 g2 60. Nf3 Be1 61. Ke2 Bg3 62. Ng1 Bh2 63. Kf2 Kd5 64. Kxg2 Bxg1 65. Kxg1 Kxd4 0-1

[Event "HUN-chT2 0102"]
[Site "Hungary"]
[Date "2002.04.07"]
[Round "10"]
[White "Rigan, Jozsef"]
[Black "Szalanczy, Emil"]
[Result "0-1"]
[WhiteElo "2057"]
[BlackElo "2348"]
[PlyCount "112"]
[EventDate "2001.??.??"]
[EventType "team"]
[EventRounds "11"]
[EventCountry "HUN"]
[SourceTitle "EXT 2004"]
[Source "ChessBase"]
[SourceDate "2003.11.25"]
[SourceVersion "1"]
[SourceVersionDate "2003.11.25"]
[SourceQuality "1"]

1. Nf3 g6 2. d4 Bg7 3. g3 c5 4. c3 Qc7 5. Bg2 Nf6 6. 0-0 0-0 7. Ne5 d6 8. Nd3 e5 9. dxc5 dxc5 10. c4 Rd8 11. Nc3 Nc6 12. Bg5 Be6 13. Bxf6 Bxf6 14. Nd5 Bxd5 15. cxd5 Nd4 16. e3 Nf5 17. Rc1 Be7 18. Nxc5 Bxc5 19. b4 Nxe3 20. Qe2 Nxf1 21. Kxf1 e4 22. Qxe4 b6 23. bxc5 bxc5 24. Qc4 Rac8 25. Bh3 Rb8 26. Bg2 Rb2 27. h4 Qa5 28. Kg1 Rxa2 29. h5 Ra1 30. Kh2 Rxc1 31. Qxc1 Qc7 32. h6 Qe5 33. Qxc5 Qh5+ 34. Kg1 Qxh6 35. Qxa7 Qf8 36. Qc7 Qd6 37. Qc3 Re8 38. Bf3 Qe5 39. Qc6 Rd8 40. Kg2 h5 41. Qb6 Rb8 42. Qc6 Rd8 43. Qb6 Rd6 44. Qb4 Kg7 45. Kg1 Rf6 46. Kg2 Qf5 47. Qc3 g5 48. Qe3 g4 49. Be4 Qe5 50. Qd3 Rb6 51. Kg1 Rb4 52. Bg2 Rd4 53. Qc2 Qe1+ 54. Kh2 Rd1 55. Qb2+ f6 56. Qb7+ Kh6 0-1